000 00392 a2200121 4500
001 ART_3264
005 20260410161713.0
008 260409a
245 1 0 _aPost scriptum a "Dependencia y desarrollo en América Latina"
100 1 _aCardoso, Fernando Henrique
700 1 _aFaletto, Enzo
773 0 _tDesarrollo económico
_g- Vol. 17, Nº 66 (jul./sep. 1977)
_wREV1174
999 _c16268
_d16268